Porovnanie pozície značky na slovenskom a zahraničnom trhu diplomová práca

Enregistré dans:
Détails bibliographiques
Auteur principal: Matrková, Ľubica
Collectivité auteur: Obchodná fakulta EU. Katedra marketingu
Autres auteurs: Lesáková, Dagmar, 1949-
Format: Livre
Langue:slovaque
Publié: Bratislava 2014
Tags: Ajouter un tag
Pas de tags, Soyez le premier à ajouter un tag!

MARC

LEADER 00000nbm a2200000 4500
001 0186150
005 20170201095102.6
041 0 |a slo 
044 |a SK 
245 1 0 |a Porovnanie pozície značky na slovenskom a zahraničnom trhu  |b diplomová práca  |c Ľubica Matrková ; školiteľ: Dagmar Lesáková 
264 1 |a Bratislava  |c 2014 
300 |a 98 s. 
100 1 |a Matrková, Ľubica 
700 1 |a Lesáková, Dagmar, 1949- 
710 2 |a Obchodná fakulta EU. Katedra marketingu